<?xml version="1.0" encoding="UTF-8"?>
<collection xmlns="http://www.loc.gov/MARC21/slim">
 <record>
  <leader>00397cam a2200145 7i4500</leader>
  <controlfield tag="001">0000035578</controlfield>
  <controlfield tag="005">20190911090000.0</controlfield>
  <datafield tag="020" ind1="0" ind2="0">
   <subfield code="a">9789814070409 </subfield>
  </datafield>
  <datafield tag="090" ind1="0" ind2="0">
   <subfield code="a">PE1095 </subfield>
   <subfield code="b">STE 2000</subfield>
  </datafield>
  <datafield tag="100" ind1="1" ind2="0">
   <subfield code="a">Stern, George </subfield>
  </datafield>
  <datafield tag="245" ind1="1" ind2="0">
   <subfield code="a">Learners' grammar dictionary  </subfield>
   <subfield code="c">George Stern.</subfield>
  </datafield>
  <datafield tag="260" ind1="0" ind2="0">
   <subfield code="a">Singapore: </subfield>
   <subfield code="b">Learners Publishing, </subfield>
   <subfield code="c">2000.</subfield>
  </datafield>
  <datafield tag="300" ind1=" " ind2=" ">
   <subfield code="a">xi, 196 p.; </subfield>
   <subfield code="c">24 cm.</subfield>
  </datafield>
  <datafield tag="650" ind1="0" ind2="0">
   <subfield code="a">Dictionary -- </subfield>
   <subfield code="x">Grammar </subfield>
  </datafield>
  <datafield tag="650" ind1="0" ind2="0">
   <subfield code="a">Grammar </subfield>
  </datafield>
 </record>
</collection>
